000 00367nam a2200145Ia 4500
003 OSt
005 20240103123828.0
008 170524s9999 xx 000 0 und d
020 _a8173174369005
040 _cIIMT UNIVERSITY
100 _aSINGH- VISHNU PRIYA
245 0 _aDIGITAL PHOTOGRAPHY
260 _bNEW DELHI: COMPUTECH PUBLICATION LIMITED
942 _2ddc
_c01
999 _c9501
_d9501